Sports Quiz

Random Sports or Football Quiz

FA Community Shield venues Quiz Stats

 Plays Quiz not verified by Sporcle

Challenge
Share
Tweet
Embed
Score 0/20 Timer 08:00
0 Plays Today
# Venue % Correct
27Wembley Stadium (original)
98.7%
10Wembley Stadium
98.7%
6Old Trafford
97.4%
7Highbury
92.2%
10Stamford Bridge
88.3%
1Anfield
87%
3Villa Park
85.7%
6White Hart Lane
79.2%
6Millennium Stadium
72.7%
1St James' Park
72.7%
# Venue % Correct
3Goodison Park
68.8%
1Elland Road
61%
5Maine Road
59.7%
1Roker Park
44.2%
1Portman Road
33.8%
1Turf Moor
33.8%
1Filbert Street
32.5%
2Molineux
31.2%
1Burnden Park
23.4%
2The Den
16.9%

You're not logged in!

Compare scores with friends on all Sporcle quizzes.
Join for Free
OR
Log In

You Might Also Like...

Show Comments

Extras

Top Quizzes Today


Score Distribution

Your Account Isn't Verified!

In order to create a playlist on Sporcle, you need to verify the email address you used during registration. Go to your Sporcle Settings to finish the process.

Report this User

Report this user for behavior that violates our Community Guidelines.

Details: